000 00467nam a2200169Ia 4500
008 230711s9999||||xx |||||||||||||| ||und||
041 _aENG
082 _a621.3822
_bOP-S
100 _aOppenheim,Allan V
245 0 _aSignal and system
_b Alan V. Oppenheim, Alan S. Willsky  
250 _a2nd . Ed.
260 _c2006
_aNew Delhi
_bPHI Learning Private Limited
300 _a957
650 _aElectronics Engineering
700 _aWillsky,Alan S.
942 _cBK
999 _c3864
_d3864